Một số vấn đề lý luận quan hệ quốc tế dưới góc nhìn lịch sử Sách tham khảo

Nội dung Phân tích về quan hệ quốc tế trên phương diện lý thuyết, xác định các xu hướng vận động trong quan hệ quốc tế, những điều kiện chi phối sự tương tác giữa các chủ thể, dự báo hành vi và phản ứng của chúng trong quan hệ quốc...

全面介绍

Đã lưu trong:
书目详细资料
主要作者: Hoàng, Khắc Nam
格式: 图书
语言:Undetermined
出版: H. Chính trị Quốc gia - Sự thật 2014
主题:
在线阅读:http://lrc.tdmu.edu.vn/opac/search/detail.asp?aID=2&ID=24949
标签: 添加标签
没有标签, 成为第一个标记此记录!
Thư viện lưu trữ: Trung tâm Học liệu Trường Đại học Thủ Dầu Một
LEADER 01346nam a2200217Ia 4500
001 TDMU_24949
008 210410s9999 xx 000 0 und d
082 |a 327.101 
090 |b H407 
100 |a Hoàng, Khắc Nam 
245 0 |a Một số vấn đề lý luận quan hệ quốc tế dưới góc nhìn lịch sử 
245 0 |b Sách tham khảo 
245 0 |c Hoàng Khắc Nam 
260 |a H. 
260 |b Chính trị Quốc gia - Sự thật 
260 |c 2014 
300 |a 528tr. 
520 |a Nội dung Phân tích về quan hệ quốc tế trên phương diện lý thuyết, xác định các xu hướng vận động trong quan hệ quốc tế, những điều kiện chi phối sự tương tác giữa các chủ thể, dự báo hành vi và phản ứng của chúng trong quan hệ quốc tế...; LS058  |d Các tổ chức khu vực và quốc tế; LS106  |d Chiến lược của các nước lớn đối với Châu Á - Thái Bình Dương 
650 |a Quan hệ quốc tế  |x Lịch sử  |x Lý luận  |v Sách tham khảo 
856 |u http://lrc.tdmu.edu.vn/opac/search/detail.asp?aID=2&ID=24949 
980 |a Trung tâm Học liệu Trường Đại học Thủ Dầu Một